Statistics for How I Met Your Mother Ultimate Quiz

Click here to take the quiz!

General Stats

  • This quiz has been taken 276 times
  • The average score is 39 of 68

Answer Stats

HintAnswer% Correct
Actor who portrays BarneyNeil Patrick Harris
93%
Left Ted at the alterStella Zinman
91%
Robin Sparkles 1Lets Go to the Mall
87%
Year Ted claims to be 'vomit free' since1993
86%
Ted's middle nameEvelyn
86%
Actor who portrays MarshallJason Segal
86%
Actor who portrays TedJosh Radnor
86%
Bar they hang out inMacLarens
85%
Name of the bartenderCarl
84%
Moved to GermanyVictoria
84%
Actor who portrays RobinCobie Smulders
81%
Stripper/Barney's ex-fianceQuinn
80%
Film series in 'Trilogy Time'Star Wars
80%
Actor who portrays LilyAlyson Hannigan
79%
Ongoing bet Marshall and Barney haveSlap Bet
79%
Barney's brotherJames
78%
Robin's co-worker she hatesPatrice
78%
Robin Sparkles 2Sandcastles in the Sand
76%
Where Lily moved when she left MarshallSan Francisco
75%
Actor voicing future TedBob Saget
74%
Barney's jobP.L.E.A.S.E
74%
Barney's mum's nameLoretta
71%
Robin's doppelgangerLesbian Robin
70%
Robin Daggers songPS I Love You
70%
Lily's doppelgangerStripper Lily
70%
Lily and Marshall's second childDaisy
69%
Marshall's dadMarvin
69%
Where Ted was planning on movingChicago
68%
Name of Ted's step-dadClint
66%
Canadian barHoser Hut
66%
Sweet Marshall drops at the gallerySkittles
66%
Garment Barney has to wear for losing a betDucky Tie
65%
Ted's sonLuke
65%
Lily and Marshall's first child's full nameMarvin Wait-for-it Eriksen
65%
Barney's English girlfriendNora
65%
Robin's friend on Space TeensJessica Glitter
64%
Where Ted is fromCleveland
63%
University attended by Ted, Marshall and LilyWesleyan
63%
Barney's starbuck's nameSwarley
62%
Ted's doppelgangerMexican Wrestler
61%
Energy drink Ted and Marshall take on road tripsTantrum
61%
American football team Marshall supportsVikings
61%
Ted's halloween costumeHanging Chad
59%
Robin goes to dig this upLocket
51%
Name of Ted's sisterHeather
50%
Karate instructorTony
50%
Dangerous game played by the EriksensBaskiceball
47%
Ted's daughterPenny
47%
Marshall's doppelgangerMoustache Marshall
46%
Marshall's mumJudy
44%
Exploding sandwichMeatball sub
44%
James's ex-husbandTom
43%
Ted's crazy girlfriendJeanette
41%
Name of Ted's mumVirginia Mosby
39%
Barney's daughter's nameEllie
36%
Barney's dad's nameJerry
36%
City Ted and Barney follow two girls toPhiladelphia
33%
Woman Marshall shares a car withDaphne
32%
Actor portraying Tracy (The Mother)Cristin Milioti
28%
Barney's doppelgangerDr. Strangel
17%
Robin's sisterKatie
16%
Name for pavement outside apartmentTriangle
15%
Was married to The CaptainZoey Pierson
14%
The Captain's daughterHannah
13%
Punchy's full nameAdam Punciarello
12%
The Captain's nameGeorge Van Smoot
11%
TV show watched in 'The Fortress'Woodworthy Manor
7%
Vehicle on pencil potRed racing car
5%

Score Distribution

Percentile by Number Answered

Percent of People with Each Score

Your Score History

You have not taken this quiz